000 00278nam a22001337a 4500
008 180126b xxu||||| |||| 00| 0 eng d
020 _a0314049193
041 _aeng
080 _a371
100 _a46
101 _aEDU
245 _aLiving Now
_cMiller, L.L
942 _2udc
_cBK
999 _c41045
_d41045